Biografía Circular

Kaydedildi:
Detaylı Bibliyografya
Yazar: Zavala Guzmán, Simón
Materyal Türü: Kitap
Dil:Undetermined
Baskı/Yayın Bilgisi: Quito, Ecuador Universitaria 1976
Konular:
Etiketler: Etiketle
Etiket eklenmemiş, İlk siz ekleyin!

MARC

LEADER 00000nam a2200000Ia 4500
008 170316s9999 xx 000 0 und d
040 |a cru BVZT 
090 |a 860 Z-5b 
100 |a Zavala Guzmán, Simón 
245 |a Biografía Circular 
260 |a Quito, Ecuador 
260 |b Universitaria 
260 |c 1976 
300 |a [36 páginas] 
650 |a LITERATURA LATINOAMERICANA 
999 |c 9339  |d 9339 
942 |c 15 D  |h 860 Z-5b  |2 z